Cuando no queden más estrellas que contar / (Registro nro. 32502)
[ vista simple ]
| 000 -CABECERA | |
|---|---|
| campo fijo de control de longitud | 00654nam a2200229 4500 |
| 001 - NÚMERO DE CONTROL | |
| campo de control | 32502 |
| 003 - IDENTIFICADOR DEL NÚMERO DE CONTROL | |
| campo de control | AR-RoBPED |
| 005 - FECHA Y HORADE LA ULTIMA TRANSACCION | |
| campo de control | 20260406095732.0 |
| 008 - ELEMENTOS DE LONGITUD FIJA--INFORMACION GENERAL | |
| campo fijo de control de longitud | 260401s2024 ag ||||gr|||| 00| 0 spa d |
| 020 ## - ISBN | |
| ISBN | 9789878220406 |
| 040 ## - FUENTE CATALOGADORA | |
| Centro catalogador/agencia de origen | AR-RoBPED |
| 041 ## - IDIOMA | |
| Código de idioma para texto/pista de sonido o título independiente | spa |
| 100 ## - ENCABEZAMIENTO PRINCIPAL--AUTOR PERSONAL | |
| Nombre de persona | Martínez, María |
| 9 (RLIN) | 30690 |
| 245 1# - TITULO | |
| Título | Cuando no queden más estrellas que contar / |
| Mención de responsabilidad | María Martínez. |
| 250 ## - EDICION | |
| Edición | 5a. ed. |
| 260 ## - PUBLICACION | |
| Lugar | Buenos Aires : |
| Editor | Booket, |
| Fecha | 2024. |
| 300 ## - DESCRIPCION FISICA | |
| Extensión | 471 p. |
| 650 #4 - TERMINO DE MATERIA--CONTROLADO | |
| Término controlado | LITERATURA ESPAÑOLA |
| 9 (RLIN) | 687 |
| Término controlado | NOVELAS |
| 9 (RLIN) | 25 |
| 942 ## - ELEMENTOS KOHA | |
| Fuente de clasificación | Universal Decimal Classification |
| Número Koha | k. 32502 |
| Koha tipo de ítem | Libro |
| Clasificación | 860-31 |
| Signatura librística | Mm 26 |
| Inventario | inv. 42341 |
| 945 ## - PROCESAMIENTO DE LA INFORMACIÓN LOCAL | |
| Catalogador y fecha | mm 01/04/2026 - cd 06/04/2026 |
| Estado retirado | Estado perdido | Fuente de clasificación | Estado dañado | No se presta | Biblioteca propietaria | Biblioteca de reserva | Fecha de adquisición | Procedencia | Total de préstamos | Signatura topográfica completa | Código de barras (nº de inventario) | Préstamo | Fecha visto por última vez | Fecha del último préstamo | Catalogador y fecha | Tipo de ítem Koha | Nota pública |
|---|---|---|---|---|---|---|---|---|---|---|---|---|---|---|---|---|---|
| Universal Decimal Classification | Biblioteca Pedagógica Eudoro Díaz | Biblioteca Pedagógica Eudoro Díaz | 30/03/2026 | Donación | 1 | 860-31 Mm 26 | 42341 | 08/05/2026 | 09/04/2026 | 09/04/2026 | mm 01/04/2026 | Libro | Se presta 15 días. |